1580 1132 1902 1673 1200 1964 1674 1940 1926 1499 1064 1628 1573 1543 1283 1200 1412 1070 1493 1735 1650 1255 1436 1713 1673 1189 1141 1768 1891 1725 1263 1036 1257 1989 1851 1442 1421 1825 1893 1218 1749 1302 1225 1605 1380 1290 1254 1318 1434 1260 1031 1786 1401 1310 1147 1859 1937 1787 1230 1278 1722 1254 1896 1487 1880 1614 1450 1363 1009 1144 1202 1053 1164 1301 1232 1005 1148 1931 1832 1372 1164 1622 1386 1465 1659 1552 1613 2000 1446 1173 1881 1633 1437 1071 1981 1980 1430 1758 1588 BCNSPRNW ULIB Ver.6.0+V

เปลี่ยนเป็นภาษาไทย

Change to English
 แสดงรายละเอียดบรรณานุกรม
  กลับหน้าหลัก

Brief Record : Get Marc (ISO 2709) : E-mail record : QR code < ปิดหน้าต่าง
LEADER : 00000nam 2200000uu 4500
001    13399121969
003     ULIB
008    121217s2551||||th 000 0 tha d
020    ^a9789740657712 (ล.1)
060 04 ^aWY159^bป199ก ล.1
110 1  ^aมหาวิทยาลัยสุโขทัยธรรมาธิราช. ^bสาขาวิชาพยาบาลศาสตร์
245 00 ^aเอกสารการสอนชุดวิชา การพยาบาลเด็กและวัยรุ่น หน่วยที่ 1-5 =^bNursing care of the child and adolescent /^cสาขาวิชาสาขาวิชาพยาบาลศาสตร์ มหาวิทยาลัยสุโขทัยธรรมาธิราช
246 31 ^aNursing care of the child and adolescent
250    ^aพิมพ์ครั้งที่ 2(ปรับปรุงใหม่)
260    ^a[นนทบุรี] :^bสำนักพิมพ์มหาวิทยาลัยสุโขทัยธรรมาธิราช,^c2551
300    ^a3 เล่ม ;^c30 ซม.
500    ^a"เอกสารการสอนชุดวิชา 51207 หน่วยที่ 1-5 - หน้าปกใน
500    ^aสิ่งพิมพ์ของ มหาวิทยาลัยสุโขทัยธรรมาธิราชสาขาวิชาวิทยาศาสตร์สุขภาพ
650  7 ^aการพยาบาลเด็ก
650  7 ^aการพยาบาลวัยรุ่น
945    ^p0^l0^i033222
995    ^a เกษร
999    ^aใช้งานได้ทุกระบบ
รายการนี้ยังไม่มีแท็ก
คุณยังไม่ได้ล็อกอิน คุณสามารถมีกิจกรรมร่วมกับเว็บไซต์ได้ แต่ต้องล็อกอินก่อน ::
  ล็อกอิน

รายการสื่อสารสนเทศ

ลำดับที่ ประเภท เลขเรียก/บาร์โค้ด สถานที่ สถานะ
1. Book การพยาบาล
หนังสือสำรอง
สถานะ=หนังสือสำรอง
WY159 ป199ก ล.1 ฉ.1 
  Barcode: 033222
ห้องสมุดวิทยาเขตสวรรค์ประชารักษ์
►ส่วนจัดเก็บหนังสือเก่า สปร
บนชั้น
  ขอยืม

รายการใกล้เคียง
    หัวเรื่อง [การพยาบาลเด็ก]
    หัวเรื่อง [การพยาบาลวัยรุ่น]

BibComment


ยังไม่เคยถูกคอมเมนท์

คอมเมนท์ทรัพยากรรายการนี้
  คอมเมนท์: เอกสารการสอนชุดว..


 Copyright 2026. Bcnsprnw @Library